| 000 | 00346nam a22001097a 4500 | ||
|---|---|---|---|
| 008 | 140923b xxu||||| |||| 00| 0 eng d | ||
| 050 | _aKJE5461.B76(1970) | ||
| 245 | _aCourt of justice of the European communities 1970: reports of cases before the court. / | ||
| 260 |
_aLuxembourg: _bO.P.E.C., _c1970. |
||
| 300 |
_a1285p.: _c23cm. |
||
| 942 |
_2lcc _cBK |
||
| 999 |
_c5142 _d12642 |
||